[Event "Lichtenberger Sommer 2017"]
[Site "Berlin"]
[Date "2017.08.23"]
[Round "5.102"]
[White "Kaufmann, Matthias"]
[Black "Kossueva, Aminat"]
[Result "1-0"]
[WhiteElo "1516"]
[BlackElo "1037"]
[PlyCount "53"]
[EventDate "2017.??.??"]
[WhiteTeam "vereinslos"]
[BlackTeam "SC Friesen Lichtenberg"]

1. c4 e5 2. Nc3 Nf6 3. g3 c6 4. Bg2 d5 5. cxd5 cxd5 6. Qb3 e4 7. d3 Bf5 8. Qxb7
Nbd7 9. Nxd5 Nxd5 10. Qxd5 Bb4+ 11. Bd2 Bxd2+ 12. Kxd2 Be6 13. Qxe4 Rc8 14. b4
O-O 15. Bh3 Qf6 16. d4 Nb6 17. Bxe6 fxe6 18. Nf3 Qe7 19. a3 Nc4+ 20. Ke1 Rc7
21. h4 Nxa3 22. Ng5 Qxb4+ 23. Kf1 g6 24. Qxe6+ Kg7 25. Qe5+ Kg8 26. Qxc7 Qxd4
27. Qxh7# 1-0

[Event "Lichtenberger Sommer 2017"]
[Site "Berlin"]
[Date "2017.08.23"]
[Round "5.103"]
[White "Krüger, Antje-Christine"]
[Black "Chung, Nicholas"]
[Result "1-0"]
[WhiteElo "1505"]
[BlackElo "1417"]
[PlyCount "67"]
[EventDate "2017.??.??"]
[WhiteTeam "TSG Fredersdorf/Vogelsdorf"]
[BlackTeam "TuS Makkabi Berlin"]

1. d4 d6 2. Nf3 Nf6 3. c4 g6 4. Nc3 Bg7 5. e4 O-O 6. Be2 c5 7. d5 Bg4 8. O-O
Nbd7 9. Bg5 Bxf3 10. Bxf3 Ne5 11. Be2 a6 12. a4 Qb6 13. b3 Qc7 14. Rc1 Rfe8 15.
Bf4 Nfd7 16. h3 Nb8 17. Qd2 Ned7 18. Bg4 Nb6 19. Rfe1 Nc8 20. Rb1 Na7 21. Qe3
Bd4 22. Qg3 Qa5 23. Ne2 Bg7 24. e5 dxe5 25. Bxe5 Bxe5 26. Qxe5 Qd8 27. Qe3 Qd6
28. Nc3 b6 29. Ne4 Qd8 30. Bf3 a5 31. Qc3 Na6 32. d6 Rc8 33. Rbd1 exd6 34. Nf6+
1-0

[Event "Lichtenberger Sommer 2017"]
[Site "Berlin"]
[Date "2017.08.23"]
[Round "5.104"]
[White "Jouani, Zakharia"]
[Black "Timm, Christian"]
[Result "0-1"]
[WhiteElo "1158"]
[BlackElo "1605"]
[PlyCount "80"]
[EventDate "2017.??.??"]
[WhiteTeam "Schachpinguine Berlin"]
[BlackTeam "SV Königsspringer"]

1. d4 e6 2. e4 Be7 3. Nc3 b6 4. Bd3 d6 5. Nf3 Nd7 6. O-O Bb7 7. Bf4 Ngf6 8. Re1
Nh5 9. Be3 O-O 10. d5 e5 11. Nxe5 Nxe5 12. Qxh5 Nxd3 13. cxd3 Bf6 14. Qf3 Re8
15. Rac1 Qd7 16. Rc2 b5 17. Rec1 b4 18. Ne2 Rec8 19. b3 a5 20. d4 a4 21. Nf4
axb3 22. axb3 g6 23. Nd3 Bg7 24. Nxb4 Ra3 25. Bd2 Bxd4 26. Rc4 Bc5 27. Bc3 f5
28. exf5 Qxf5 29. Qxf5 gxf5 30. Rb1 Re8 31. Rf4 Bc8 32. Nc2 Ra2 33. Nb4 Rae2
34. Nd3 Bb6 35. h3 Kf7 36. Rf3 Rc2 37. Nf4 Bb7 38. Nh5 Ree2 39. Nf4 Rxf2 40.
Rxf2 Rxf2 0-1

[Event "Lichtenberger Sommer 2017"]
[Site "Berlin"]
[Date "2017.08.23"]
[Round "5.105"]
[White "Petersen, Sophie"]
[Black "Hömke, Holger"]
[Result "0-1"]
[WhiteElo "1437"]
[BlackElo "1540"]
[PlyCount "90"]
[EventDate "2017.??.??"]
[WhiteTeam "SV Rüdersdorf"]
[BlackTeam "SK Zehlendorf"]

1. e4 e6 2. d4 d5 3. exd5 exd5 4. Bd3 Bd6 5. Nf3 Nf6 6. O-O O-O 7. Bg5 h6 8.
Bh4 Nbd7 9. Nbd2 b6 10. c3 c5 11. Qc2 Qc7 12. Rae1 c4 13. Bf5 Bb7 14. Bxf6 Nxf6
15. Ne5 Bc8 16. f4 b5 17. Ndf3 Bxf5 18. Qxf5 a5 19. a3 b4 20. axb4 axb4 21. Qc2
Ra2 22. Ra1 Rfa8 23. Rxa2 Rxa2 24. Qb1 Ra6 25. Qe1 Ne4 26. cxb4 Rb6 27. Qe2
Rxb4 28. Ra1 Qb7 29. Ra2 f6 30. Ng6 c3 31. bxc3 Nxc3 32. Qe8+ Kh7 33. Rf2 Rb1+
34. Rf1 Rxf1+ 35. Kxf1 Qb1+ 36. Qe1 Qxe1+ 37. Kxe1 Kxg6 38. g3 Kf5 39. Kd2 Ne4+
40. Kd3 Kg4 41. Ke2 g5 42. fxg5 Nxg5 43. Ng1 f5 44. Ke3 f4+ 45. gxf4 Bxf4+ 0-1

[Event "Lichtenberger Sommer 2017"]
[Site "Berlin"]
[Date "2017.08.23"]
[Round "5.106"]
[White "Lange, Johannes Friedrich"]
[Black "Plaza Reino, Leire"]
[Result "1/2-1/2"]
[WhiteElo "1545"]
[BlackElo "1253"]
[PlyCount "47"]
[EventDate "2017.??.??"]
[WhiteTeam "TSG Oberschöneweide"]
[BlackTeam "Enniscorthy Chess Club"]

1. d4 f5 2. c4 Nf6 3. g3 e6 4. Bg2 d5 5. Qc2 c6 6. Nf3 Be7 7. O-O O-O 8. Nbd2
Bd7 9. Ne5 Be8 10. b3 Nbd7 11. Nd3 Bh5 12. Nf3 Ne4 13. Nf4 Bf7 14. Bd2 h6 15.
c5 g5 16. Nd3 Bh5 17. Rfe1 Bf6 18. Nb2 Kh7 19. Bc3 g4 20. Ne5 Nxe5 21. dxe5 Be7
22. Bd4 Rf7 23. f4 Qf8 24. b4 1/2-1/2

[Event "Lichtenberger Sommer 2017"]
[Site "Berlin"]
[Date "2017.08.23"]
[Round "5.107"]
[White "Abraham, Helmut"]
[Black "Lange, Christoph"]
[Result "1-0"]
[WhiteElo "1488"]
[BlackElo "1292"]
[PlyCount "107"]
[EventDate "2017.??.??"]
[WhiteTeam "SC Kreuzberg"]
[BlackTeam "TSG Oberschöneweide"]

1. Nf3 Nf6 2. c4 g6 3. Nc3 Bg7 4. e4 d6 5. Be2 O-O 6. O-O Na6 7. d4 c5 8. d5 e6
9. a3 exd5 10. cxd5 b6 11. Nd2 Nc7 12. Qc2 Ba6 13. Nc4 Re8 14. Bf4 Bxc4 15.
Bxc4 Nh5 16. Bd2 Qd7 17. Rab1 b5 18. Be2 Nf6 19. b4 c4 20. Bf3 Rab8 21. a4 a6
22. a5 Rbc8 23. Be3 Re7 24. Rbd1 Nce8 25. Rfe1 Ng4 26. Bg5 Nef6 27. h3 Ne5 28.
Re3 h6 29. Bf4 Nxf3+ 30. Rxf3 Nh5 31. Bh2 Rce8 32. Re1 Qc8 33. Bxd6 Rd7 34. Bc5
Be5 35. Ne2 Qb7 36. Rd1 Qb8 37. Bd4 Bh2+ 38. Kh1 Bd6 39. g4 Ng7 40. Bc3 Rde7
41. Re3 Bf4 42. Nxf4 Qxf4 43. Rde1 Rd7 44. Kg2 Qd6 45. Qd2 Ree7 46. Qd4 f6 47.
Qxf6 Qxf6 48. Bxf6 Rf7 49. Bc3 Ne8 50. Kg3 Nc7 51. f4 Nxd5 52. exd5 Rxd5 53.
Re8+ Kh7 54. Rh8# 1-0

[Event "Lichtenberger Sommer 2017"]
[Site "Berlin"]
[Date "2017.08.23"]
[Round "5.108"]
[White "Chapiro, Daniel"]
[Black "Toth, Hans-Jürgen"]
[Result "0-1"]
[WhiteElo "837"]
[BlackElo "1546"]
[PlyCount "90"]
[EventDate "2017.??.??"]
[WhiteTeam "SC Friesen Lichtenberg"]
[BlackTeam "SF Zehdenick"]

1. e4 e6 2. d4 d5 3. e5 Ne7 4. Nf3 Nf5 5. Bd3 g6 6. Bg5 Be7 7. Bd2 Nc6 8. c3
O-O 9. Bxf5 exf5 10. Bh6 Re8 11. O-O f6 12. exf6 Bxf6 13. b3 b6 14. c4 Ba6 15.
Na3 dxc4 16. Nxc4 Nxd4 17. Rc1 Ne2+ 18. Kh1 Nxc1 19. Qxc1 Re7 20. h4 Qe8 21.
Rg1 Bxc4 22. Qxc4+ Qf7 23. Qc6 Rae8 24. g4 fxg4 25. Rxg4 Qe6 26. Qxe6+ Rxe6 27.
h5 Bg7 28. Bxg7 Kxg7 29. Nd4 c5 30. Nxe6+ Rxe6 31. Kg2 Kh6 32. hxg6 Rxg6 33.
Kg3 Rxg4+ 34. Kxg4 Kg6 35. Kf4 h5 36. f3 Kf6 37. Kg3 Kf5 38. f4 b5 39. Kh4 c4
40. bxc4 bxc4 41. Kxh5 c3 42. a4 c2 43. a5 c1=Q 44. a6 Qg1 45. Kh6 Qg6# 0-1

[Event "Lichtenberger Sommer 2017"]
[Site "Berlin"]
[Date "2017.08.24"]
[Round "6.1"]
[White "Kalka, Arkadius Georg"]
[Black "Radovanovic, Jovica"]
[Result "0-1"]
[WhiteElo "2323"]
[BlackElo "2357"]
[PlyCount "76"]
[EventDate "2017.??.??"]
[WhiteTeam "SC Hansa Dortmund"]
[BlackTeam "vereinslos"]

1. c4 Nf6 2. Nf3 c6 3. g3 d6 4. Bg2 g6 5. b3 Bg7 6. Bb2 O-O 7. O-O e5 8. d3 Re8
9. Nbd2 a5 10. c5 Nfd7 11. d4 e4 12. Ne1 d5 13. Rc1 Na6 14. Ba1 h5 15. Nc2 h4
16. a3 Nf6 17. Re1 Bh6 18. Rb1 Ng4 19. e3 Nf6 20. Nf1 Bg4 21. Qd2 Qd7 22. Rec1
Nc7 23. Ne1 Qf5 24. gxh4 Qh5 25. Ng3 Qxh4 26. Bf1 Bg5 27. Ng2 Qh6 28. Nf4 Kg7
29. Bg2 Rh8 30. Nf1 Bf3 31. Rc3 Ne6 32. Bxf3 exf3 33. Qd1 Ne4 34. Rd3 Nxf4 35.
exf4 Bxf4 36. Rxf3 Bxh2+ 37. Kg2 Bc7 38. Ne3 Qg5+ 0-1

[Event "Lichtenberger Sommer 2017"]
[Site "Berlin"]
[Date "2017.08.24"]
[Round "6.2"]
[White "Stern, René"]
[Black "Brustkern, Jürgen"]
[Result "1-0"]
[WhiteElo "2499"]
[BlackElo "2255"]
[PlyCount "59"]
[EventDate "2017.??.??"]
[WhiteTeam "SK König Tegel"]
[BlackTeam "SC Zugzwang 95 (Berlin)"]

1. Nf3 d5 2. d4 c6 3. c4 e6 4. e3 f5 5. Bd3 Nh6 6. Ne5 Nd7 7. f4 Nxe5 8. fxe5
dxc4 9. Bxc4 b5 10. Be2 Bb7 11. O-O a6 12. Qb3 Qd5 13. Qxd5 cxd5 14. Bd2 Be7
15. Rc1 Kd7 16. Ba5 Rac8 17. Nd2 Bg5 18. Nf1 f4 19. exf4 Bxf4 20. Bd2 Bxd2 21.
Nxd2 Nf5 22. Nb3 Ke7 23. Bd3 Rc4 24. Bxf5 exf5 25. Na5 Ba8 26. Nxc4 dxc4 27. a4
Rd8 28. axb5 Rxd4 29. Rxa6 Be4 30. Rd6 1-0

[Event "Lichtenberger Sommer 2017"]
[Site "Berlin"]
[Date "2017.08.24"]
[Round "6.3"]
[White "Sivri, Gorkem"]
[Black "Berger, Steve"]
[Result "1/2-1/2"]
[WhiteElo "2148"]
[BlackElo "2412"]
[PlyCount "65"]
[EventDate "2017.??.??"]
[WhiteTeam "Ordu Belediyespor"]
[BlackTeam "SK König Tegel"]

1. d4 Nf6 2. Nf3 c5 3. e3 d5 4. Bd3 Nc6 5. O-O Bg4 6. Be2 e6 7. h3 Bh5 8. b3
Rc8 9. Bb2 cxd4 10. exd4 Bd6 11. Ne5 Bxe2 12. Qxe2 O-O 13. Nd2 Qe7 14. a3 a6
15. c4 dxc4 16. Ndxc4 Nd5 17. Rfc1 Bb8 18. Nd2 Nxe5 19. dxe5 Qg5 20. Ne4 Nf4
21. Qf3 Qf5 22. Nd6 Bxd6 23. exd6 Rcd8 24. Rd1 Rd7 25. g4 Qg5 26. Bc1 e5 27.
Bxf4 exf4 28. Rd5 Qf6 29. Rad1 Rfd8 30. Qd3 g6 31. a4 h6 32. Kg2 Kg7 33. Rd2
1/2-1/2

[Event "Lichtenberger Sommer 2017"]
[Site "Berlin"]
[Date "2017.08.24"]
[Round "6.4"]
[White "Albrecht, Rainer"]
[Black "Barath M"]
[Result "0-1"]
[WhiteElo "2047"]
[BlackElo "2285"]
[PlyCount "66"]
[EventDate "2017.??.??"]
[WhiteTeam "SC Kreuzberg"]
[BlackTeam "SC Zugzwang 95 (Berlin)"]

1. d4 Nf6 2. Bf4 g6 3. Nc3 d5 4. e3 Bg7 5. h4 c5 6. Nb5 Na6 7. Be2 Bd7 8. a4 h5
9. c3 O-O 10. Nf3 Bf5 11. Ne5 Nd7 12. g4 hxg4 13. Nxg4 Bxg4 14. Bxg4 e5 15. Bg5
Qe8 16. Nd6 Qb8 17. Nxf7 Rxf7 18. h5 Qd6 19. dxc5 Naxc5 20. b4 Ne4 21. hxg6
Qxg6 22. Bh5 Qf5 23. Bxf7+ Qxf7 24. Bh4 Nxc3 25. Qc2 e4 26. Rg1 Kf8 27. Ra3 Rc8
28. f4 Qh5 29. Bf2 Bf6 30. Kf1 Nb6 31. Be1 Nc4 32. Rxc3 Nxe3+ 33. Kf2 Qf3# 0-1

[Event "Lichtenberger Sommer 2017"]
[Site "Berlin"]
[Date "2017.08.24"]
[Round "6.5"]
[White "Jaeschke, Jens-Uwe"]
[Black "Colpe, Malte"]
[Result "0-1"]
[WhiteElo "2119"]
[BlackElo "2424"]
[PlyCount "92"]
[EventDate "2017.??.??"]
[WhiteTeam "SF Nordost Berlin"]
[BlackTeam "Hamburger SK"]

1. d4 Nf6 2. c4 g6 3. Nc3 Bg7 4. e4 d6 5. f3 O-O 6. Nge2 a6 7. Be3 c6 8. Qd2 b5
9. Ng3 Nbd7 10. Rc1 Bb7 11. Be2 e5 12. d5 cxd5 13. Nxd5 Nxd5 14. cxd5 f5 15.
Bg5 Qb6 16. Be3 Qd8 17. Bg5 Bf6 18. Bxf6 Nxf6 19. exf5 Nxd5 20. fxg6 hxg6 21.
O-O Qb6+ 22. Kh1 Nf4 23. Bd1 Kg7 24. Qf2 Qxf2 25. Rxf2 Rac8 26. Rxc8 Rxc8 27.
Rd2 Rc1 28. Kg1 d5 29. Kf2 Rb1 30. Be2 d4 31. Ne4 Bxe4 32. fxe4 Kf7 33. g3 Nh3+
34. Kg2 Ng5 35. Rc2 Nxe4 36. Bd3 Re1 37. Rc6 Re3 38. Bxe4 Rxe4 39. Kf3 Re1 40.
Kf2 Rb1 41. Rxa6 e4 42. Rd6 Rxb2+ 43. Ke1 d3 44. Rd4 Re2+ 45. Kd1 Ke6 46. h3
Ke5 0-1

[Event "Lichtenberger Sommer 2017"]
[Site "Berlin"]
[Date "2017.08.24"]
[Round "6.6"]
[White "Rietze, Clemens"]
[Black "Behrmann, Joachim"]
[Result "0-1"]
[WhiteElo "2343"]
[BlackElo "2206"]
[PlyCount "136"]
[EventDate "2017.??.??"]
[WhiteTeam "SC Rotation Pankow"]
[BlackTeam "SK Zehlendorf"]

1. d4 d5 2. c4 e6 3. Nc3 Nf6 4. cxd5 exd5 5. Bg5 Be7 6. e3 c6 7. Bd3 Nbd7 8.
Qc2 Nh5 9. Bxe7 Qxe7 10. O-O-O Nb6 11. h3 g6 12. Nf3 Be6 13. Ne5 O-O-O 14. g4
Ng7 15. f4 f6 16. Nf3 Ne8 17. Rde1 Nd6 18. b3 Kb8 19. Kb1 Rc8 20. Qb2 c5 21.
dxc5 Rxc5 22. Ne2 Bf7 23. Qd4 Ndc4 24. g5 Rhc8 25. gxf6 Qf8 26. Rc1 Ra5 27.
Bxc4 dxc4 28. Ne5 Rd5 29. Qb2 Rdc5 30. Rhd1 Be6 31. e4 cxb3 32. axb3 Rxc1+ 33.
Rxc1 Rxc1+ 34. Nxc1 Qb4 35. Qc2 a5 36. Na2 Qa3 37. Qb2 Qd6 38. Nc3 a4 39. bxa4
Nxa4 40. Nxa4 Qd1+ 41. Qc1 Ba2+ 42. Kb2 Qb3+ 43. Ka1 Qxa4 44. Qc3 Be6+ 45. Kb2
Qxe4 46. Nd3 Qe2+ 47. Ka3 Qa2+ 48. Kb4 b6 49. Qe5+ Kb7 50. Kc3 Kc8 51. Qd6 Qa1+
52. Kd2 Qxf6 53. Qxb6 Qf7 54. h4 Bh3 55. Qd6 Qa2+ 56. Kc3 Qa1+ 57. Kb4 Qb1+ 58.
Kc5 Qc2+ 59. Kb6 Qb3+ 60. Ka5 Qc3+ 61. Nb4 Qc7+ 62. Qxc7+ Kxc7 63. Nd5+ Kd6 64.
Nf6 h6 65. Kb4 Ke6 66. Ng8 h5 67. Kc5 Kf7 68. Nh6+ Kg7 0-1

[Event "Lichtenberger Sommer 2017"]
[Site "Berlin"]
[Date "2017.08.24"]
[Round "6.7"]
[White "Florstedt, Johannes"]
[Black "Hesse, Henrik"]
[Result "1/2-1/2"]
[WhiteElo "2232"]
[BlackElo "2124"]
[PlyCount "143"]
[EventDate "2017.??.??"]
[WhiteTeam "SF 1903 Berlin"]
[BlackTeam "SV Mattnetz Berlin"]

1. e4 c5 2. Nf3 e6 3. d4 cxd4 4. Nxd4 Nc6 5. Nc3 Qc7 6. Be3 Nf6 7. f4 d6 8. Qe2
a6 9. O-O-O Be7 10. g4 Nxd4 11. Rxd4 b5 12. g5 Nd7 13. a4 bxa4 14. Rc4 Qd8 15.
Nxa4 Rb8 16. Qd2 Bb7 17. Bg2 Rc8 18. Rxc8 Qxc8 19. h4 Qc4 20. b3 Qc6 21. Rg1
Qc7 22. h5 Bc6 23. Qc3 e5 24. Nb2 Qb7 25. Nc4 Bxe4 26. Na5 Qa8 27. Bh3 Qd8 28.
h6 g6 29. Bxd7+ Qxd7 30. fxe5 Rf8 31. exd6 Qxd6 32. Bd4 f6 33. gxf6 Rxf6 34.
Bxf6 Bxf6 35. Qc8+ Kf7 36. Nc4 Qd4 37. Qc7+ Kf8 38. Qc8+ Kf7 39. Qc7+ Kg8 40.
Qc8+ Kf7 41. Rg3 Qf2 42. Qd7+ Kf8 43. Qd6+ Kf7 44. Ne3 Bf3 45. Nd1 Bxd1 46.
Kxd1 Qf1+ 47. Kd2 Qf2+ 48. Kd1 Qf1+ 49. Kd2 Qf2+ 50. Kd3 Qf1+ 51. Ke4 Qf5+ 52.
Ke3 Bg5+ 53. Rxg5 Qxg5+ 54. Qf4+ Qxf4+ 55. Kxf4 a5 56. Ke5 Ke7 57. c3 Kd7 58.
Kf6 Kd6 59. Kg7 g5 60. Kxh7 g4 61. Kg6 g3 62. h7 g2 63. Kf7 g1=Q 64. h8=Q Qa7+
65. Kg6 Qg1+ 66. Kh6 Qh1+ 67. Kg7 Qxh8+ 68. Kxh8 Ke5 69. Kg7 Ke4 70. Kf6 Kd3
71. c4 a4 72. bxa4 1/2-1/2

[Event "Lichtenberger Sommer 2017"]
[Site "Berlin"]
[Date "2017.08.24"]
[Round "6.8"]
[White "Schneider, Christian"]
[Black "Roth, Josef"]
[Result "1-0"]
[WhiteElo "2215"]
[BlackElo "2032"]
[PlyCount "47"]
[EventDate "2017.??.??"]
[WhiteTeam "SG Stadtilm"]
[BlackTeam "SK König Tegel"]

1. e4 c5 2. Nf3 Nc6 3. Bb5 g6 4. Bxc6 dxc6 5. d3 Bg7 6. O-O Qc7 7. a4 a5 8. Na3
b6 9. h3 Ba6 10. Nh2 Rd8 11. Qe1 Nf6 12. f4 O-O 13. Bd2 Bc8 14. Bc3 Ne8 15.
Bxg7 Nxg7 16. Qh4 f5 17. Rae1 Rd4 18. Nf3 Rxa4 19. Qh6 e6 20. Ng5 Ne8 21. exf5
exf5 22. Nc4 Nf6 23. Re6 Bxe6 24. Qxf8+ 1-0

[Event "Lichtenberger Sommer 2017"]
[Site "Berlin"]
[Date "2017.08.24"]
[Round "6.9"]
[White "Polatel, Ali"]
[Black "Jahn, Thomas"]
[Result "1-0"]
[WhiteElo "2221"]
[BlackElo "2191"]
[PlyCount "107"]
[EventDate "2017.??.??"]
[WhiteTeam "SC Zugzwang 95 (Berlin)"]
[BlackTeam "SV Empor Berlin"]

1. c4 Nf6 2. g3 g6 3. Bg2 Bg7 4. Nc3 d6 5. e4 O-O 6. Nge2 c5 7. d3 Nc6 8. O-O
a6 9. a4 Rb8 10. Rb1 Ne8 11. Be3 Nc7 12. d4 cxd4 13. Nxd4 Nxd4 14. Bxd4 Bxd4
15. Qxd4 Ne6 16. Qe3 Bd7 17. b4 a5 18. Nd5 axb4 19. Rxb4 Bc6 20. Nb6 Qc7 21.
Bh3 Nc5 22. e5 Na6 23. Rb5 Rbd8 24. Rc1 e6 25. Nd5 exd5 26. cxd5 dxe5 27. dxc6
bxc6 28. Rxe5 Nb4 29. Re7 Qd6 30. Qc5 Qxc5 31. Rxc5 Rd1+ 32. Bf1 Ra8 33. a5 Ra1
34. Rb7 Nd3 35. Rc3 Ne5 36. h3 g5 37. f4 gxf4 38. gxf4 Ng6 39. f5 Ne5 40. Rg3+
Kf8 41. f6 R1xa5 42. Rg7 Ra2 43. Bg2 Rd2 44. Kh2 Rd6 45. Rxh7 Kg8 46. Rg7+ Kh8
47. Rg5 Re8 48. Rf5 Nd7 49. Bxc6 Re2+ 50. Kg3 Nxf6 51. Bf3 Re8 52. Rxf7 Ree6
53. Rc7 Ne8 54. Rf8# 1-0

[Event "Lichtenberger Sommer 2017"]
[Site "Berlin"]
[Date "2017.08.24"]
[Round "6.10"]
[White "Di Candia, Roberto"]
[Black "Brümmel, Arend"]
[Result "1-0"]
[WhiteElo "1918"]
[BlackElo "2150"]
[PlyCount "120"]
[EventDate "2017.??.??"]
[WhiteTeam "SF 1903 Berlin"]
[BlackTeam "Stader SV"]

1. e4 c5 2. Nf3 d6 3. Bc4 e6 4. Bb3 Nf6 5. d3 Be7 6. O-O O-O 7. Re1 Nc6 8. c3
Ne5 9. Bf4 Ng6 10. Bg3 Bd7 11. Nbd2 Bc6 12. Bc2 Re8 13. Nf1 Rc8 14. Ng5 h6 15.
Nh3 Nh7 16. f4 Qb6 17. Rb1 d5 18. e5 d4 19. Nf2 Qa5 20. Bb3 dxc3 21. bxc3 Qxc3
22. Qg4 Qd4 23. Ne3 Nhf8 24. f5 Qxg4 25. Nfxg4 exf5 26. Nxf5 Ne6 27. Nxe7+ Rxe7
28. Ne3 Rd7 29. Bc4 Ngf4 30. Bxf4 Nxf4 31. Nf5 Nxg2 32. e6 Nxe1 33. exd7 Nf3+
34. Kf2 Rd8 35. Ne7+ Kf8 36. Nxc6 bxc6 37. Kxf3 Rxd7 38. Re1 g6 39. Re5 Rd8 40.
Rxc5 Ke7 41. Ra5 Rd7 42. h4 h5 43. Re5+ Kf6 44. Rc5 Rd6 45. Ra5 Rd7 46. Ra6 Rc7
47. Bb5 Ke5 48. Rxc6 Re7 49. Rc4 Rb7 50. Re4+ Kf5 51. Bc4 g5 52. hxg5 Kxg5 53.
Re5+ Kg6 54. Kg3 Rd7 55. Kh4 f6 56. Re8 Rd4+ 57. Re4 Rd7 58. d4 Rd6 59. d5 Rd7
60. Rd4 Kf5 1-0

[Event "Lichtenberger Sommer 2017"]
[Site "Berlin"]
[Date "2017.08.24"]
[Round "6.11"]
[White "Ahmadinia, Ebrahim"]
[Black "Elsing, Jan"]
[Result "0-1"]
[WhiteElo "2398"]
[BlackElo "2140"]
[PlyCount "81"]
[EventDate "2017.??.??"]
[WhiteTeam "SF 1903 Berlin"]
[BlackTeam "SC Friesen Lichtenberg"]

1. e4 Nf6 2. e5 Nd5 3. d4 d6 4. c4 Nb6 5. exd6 cxd6 6. Nc3 Bf5 7. Be2 e6 8. Nf3
Be7 9. O-O O-O 10. b3 Bf6 11. Ba3 Re8 12. Rc1 d5 13. Nb5 Be7 14. Bxe7 Rxe7 15.
c5 Nc8 16. Qd2 Nc6 17. Ne5 a6 18. Nc3 Nxe5 19. dxe5 Rc7 20. Na4 Ne7 21. f4 Be4
22. Nb6 Rb8 23. b4 f6 24. exf6 gxf6 25. Bf3 f5 26. Qb2 Bxf3 27. Rxf3 Ng6 28.
Re1 Rc6 29. Rfe3 Kf7 30. g3 Nf8 31. Qe5 Ng6 32. Qd4 Nf8 33. Qd1 Qf6 34. Qh5+
Qg6 35. Qf3 Rd8 36. a3 h6 37. Qd1 Qf6 38. Rd3 Re8 39. Qh5+ Qg6 40. Qe2 Rd8 41.
Nc4 0-1

[Event "Lichtenberger Sommer 2017"]
[Site "Berlin"]
[Date "2017.08.24"]
[Round "6.13"]
[White "Rohde, Wolfgang"]
[Black "Heinig, Wolfram"]
[Result "0-1"]
[WhiteElo "2125"]
[BlackElo "2328"]
[PlyCount "58"]
[EventDate "2017.??.??"]
[WhiteTeam "SC Friesen Lichtenberg"]
[BlackTeam "SK Zehlendorf"]

1. c4 g6 2. Nf3 Bg7 3. Nc3 Nf6 4. g3 O-O 5. Bg2 c5 6. O-O d5 7. cxd5 Nxd5 8.
Ng5 e6 9. Nge4 b6 10. d3 h6 11. Bd2 Nc6 12. Qa4 Bb7 13. Nxd5 exd5 14. Nc3 Nd4
15. Rae1 Bc6 16. Qd1 Qd7 17. Qc1 Kh7 18. e4 dxe4 19. dxe4 Rad8 20. Be3 f5 21.
Qb1 fxe4 22. Rd1 Qf5 23. Bxd4 Bxd4 24. Nxe4 Rde8 25. Ng5+ Qxg5 26. Bxc6 Re2 27.
Rxd4 cxd4 28. Qd3 Qd2 29. Qa3 Rexf2 0-1

[Event "Lichtenberger Sommer 2017"]
[Site "Berlin"]
[Date "2017.08.24"]
[Round "6.14"]
[White "Förster, Jonas"]
[Black "Segerberg, Tomas"]
[Result "1-0"]
[WhiteElo "2330"]
[BlackElo "2077"]
[PlyCount "89"]
[EventDate "2017.??.??"]
[WhiteTeam "SV Empor Berlin"]
[BlackTeam "SG NARVA Berlin"]

1. Nf3 e6 2. c4 Nf6 3. d4 b6 4. g3 Ba6 5. Nbd2 c6 6. Bg2 Be7 7. O-O O-O 8. b3
d5 9. Bb2 Nbd7 10. Re1 Bb7 11. e4 dxe4 12. Ng5 Qc7 13. Ndxe4 c5 14. dxc5 bxc5
15. Qc2 Nxe4 16. Nxe4 Bf6 17. Nxf6+ Nxf6 18. Be5 Qc8 19. Bxb7 Qxb7 20. Qc3 Qe7
21. Rad1 Rfd8 22. Qa5 Ne8 23. Bf4 Rac8 24. Be3 Rxd1 25. Rxd1 h6 26. Qb5 Nf6 27.
h3 Kh7 28. a4 Rc7 29. a5 Ne4 30. Rd3 Ng5 31. Kg2 Qf6 32. Bf4 Qf5 33. Re3 Qxh3+
34. Kg1 e5 35. Bxg5 Rd7 36. Re1 hxg5 37. Qxc5 f6 38. Qe3 Qe6 39. Qe4+ Kg8 40.
Kg2 Kf7 41. b4 Rd4 42. Qxd4 exd4 43. Rxe6 Kxe6 44. Kf3 f5 45. Ke2 1-0

[Event "Lichtenberger Sommer 2017"]
[Site "Berlin"]
[Date "2017.08.24"]
[Round "6.15"]
[White "Petersen, Soren Boeck"]
[Black "Teichert, Felix"]
[Result "1-0"]
[WhiteElo "2226"]
[BlackElo "1973"]
[PlyCount "83"]
[EventDate "2017.??.??"]
[WhiteTeam "Damhus Skakklub"]
[BlackTeam "Leegebrucher SF"]

1. e4 d5 2. exd5 Nf6 3. Nf3 Bg4 4. Bb5+ Nbd7 5. h3 Bh5 6. Nc3 a6 7. Be2 Nb6 8.
O-O Nbxd5 9. Nxd5 Qxd5 10. d4 e6 11. c4 Qd6 12. Be3 Be7 13. Qb3 Qb4 14. Qc2 Bg6
15. Qc1 O-O 16. Ne5 c5 17. Nxg6 hxg6 18. Bf3 Rac8 19. b3 a5 20. Rd1 Qb6 21. Qc2
cxd4 22. Bxd4 Qc7 23. Qe2 b6 24. Rd3 Rfd8 25. Rad1 Bc5 26. Be5 Qe7 27. Qd2 Rxd3
28. Qxd3 Kf8 29. g4 Ne8 30. Kg2 f6 31. Bg3 Kf7 32. Qd7 Qxd7 33. Rxd7+ Be7 34.
Rb7 Rd8 35. Rxb6 Rd2 36. Bc6 Nd6 37. c5 Nc8 38. Rb8 Rd8 39. Bc7 Rf8 40. Bd7 Na7
41. Rxf8+ Kxf8 42. Bb6 1-0

[Event "Lichtenberger Sommer 2017"]
[Site "Berlin"]
[Date "2017.08.24"]
[Round "6.16"]
[White "Sieglen, Joachim"]
[Black "Neumann, Thomas"]
[Result "1-0"]
[WhiteElo "2228"]
[BlackElo "2128"]
[PlyCount "79"]
[EventDate "2017.??.??"]
[WhiteTeam "SC Untergrombach"]
[BlackTeam "Borussia Friedrichsfelde"]

1. d4 d5 2. c4 e6 3. Nf3 c6 4. Qc2 Nf6 5. g3 Bd6 6. Bg2 O-O 7. O-O Ne4 8. Nc3
Nxc3 9. bxc3 Nd7 10. c5 Bc7 11. c4 Nf6 12. Bg5 h6 13. Bxf6 Qxf6 14. e4 b6 15.
cxb6 Bxb6 16. c5 Bc7 17. e5 Qe7 18. Qa4 Qd7 19. Rfb1 a5 20. Bf1 Ba6 21. Bxa6
Rxa6 22. Rb7 Rb8 23. Rab1 Rxb7 24. Rxb7 Qc8 25. Rb2 Kf8 26. h4 Ke7 27. h5 Kd7
28. Qc2 Ra8 29. Nh4 Rb8 30. Rxb8 Qxb8 31. Qh7 Qf8 32. f4 f5 33. Ng6 Qf7 34. Qh8
Bd8 35. Kh2 Kc7 36. Qf8 Qd7 37. Qg8 Qc8 38. Nf8 Qa6 39. Nxe6+ Kd7 40. Qxd8+ 1-0

[Event "Lichtenberger Sommer 2017"]
[Site "Berlin"]
[Date "2017.08.24"]
[Round "6.17"]
[White "Heuser, Philip"]
[Black "Postler, Reinhard"]
[Result "1-0"]
[WhiteElo "2041"]
[BlackElo "2250"]
[PlyCount "89"]
[EventDate "2017.??.??"]
[WhiteTeam "Münchener SC"]
[BlackTeam "TSG Oberschöneweide"]

1. d4 Nf6 2. c4 c5 3. d5 e6 4. Nc3 exd5 5. cxd5 d6 6. e4 g6 7. Bd3 Bg7 8. h3
O-O 9. Nf3 Na6 10. O-O Nc7 11. Re1 Rb8 12. a4 a6 13. a5 b5 14. axb6 Rxb6 15.
Nd2 Rb8 16. Nc4 Nb5 17. Bf4 Ne8 18. e5 Bb7 19. Ne4 Bxd5 20. exd6 Ra8 21. d7 Nf6
22. Nxc5 Nh5 23. Be3 Nd4 24. Bf1 Qh4 25. Nb6 Bf3 26. gxf3 Nf4 27. Bxf4 Qxf4 28.
Bg2 Rab8 29. Re4 Qd6 30. Nba4 Qf6 31. Ra3 h5 32. Rd3 Nf5 33. b3 Nh4 34. Rd6 Qg5
35. Rxh4 Qxh4 36. Rxa6 Be5 37. Rb6 Rxb6 38. Nxb6 Bd4 39. Qc2 Qe7 40. b4 Qe1+
41. Bf1 Qxb4 42. Nba4 Kg7 43. Qc4 Qd2 44. Ne4 Qd1 45. Nac3 1-0

[Event "Lichtenberger Sommer 2017"]
[Site "Berlin"]
[Date "2017.08.24"]
[Round "6.18"]
[White "Poseck, Steffen"]
[Black "Ros Alonso, Jaume"]
[Result "0-1"]
[WhiteElo "2026"]
[BlackElo "2119"]
[PlyCount "64"]
[EventDate "2017.??.??"]
[WhiteTeam "BSV 63 Chemie Weißensee"]
[BlackTeam "Sant Boi de Llobregat"]

1. d4 Nf6 2. c4 g6 3. Nc3 d5 4. cxd5 Nxd5 5. e4 Nxc3 6. bxc3 Bg7 7. Bc4 c5 8.
Ne2 O-O 9. O-O Nc6 10. Be3 Bg4 11. f3 Bd7 12. Rb1 Qc7 13. Qc1 Rac8 14. dxc5 Na5
15. Bb3 Rfd8 16. Kh1 Bf8 17. f4 e5 18. f5 Nxb3 19. axb3 Bxc5 20. Bxc5 Qxc5 21.
f6 Bg4 22. Ng3 Rd3 23. Qh6 Qf8 24. Qg5 Be6 25. c4 Qd6 26. Qh6 Qf8 27. Qg5 Rc5
28. Rfd1 h6 29. Qc1 Qd8 30. Rxd3 Qxd3 31. Ra1 b6 32. Qa3 Ra5 0-1